| 000 | 00638nam a2200241 a 4500 | ||
|---|---|---|---|
| 005 | 20210219153344.0 | ||
| 008 | 991125n 000 0 u | ||
| 035 | _aUPN01000093417 | ||
| 100 | _aMacDonald, Dougal | ||
| 222 | _aSCIENCE AND CHILDREN | ||
| 245 | _aPredictions and pedagogy | ||
| 300 | _a16-19 | ||
| 362 | _a30, No. 7, 1993 | ||
| 505 | _aSeptiembre 1993 | ||
| 653 | 0 | _aCIENCIA DE LA ESCUELA ELEMENTAL | |
| 653 | 0 | _aGENERALIZACION | |
| 653 | 0 | _aINSTRUCCION CIENTIFICA | |
| 653 | 0 | _aMETODOS DE ENSE\197ANZA | |
| 653 | 0 | _aPENSAMIENTO LOGICO | |
| 653 | 0 | _aPREDICCION | |
| 904 |
_aAC _b031228 |
||
| 905 | _aArticulo | ||
| 999 |
_c74706 _d74706 |
||